शहीद भगतसिंह समग्र वाङमय लेख व दस्तऐवज (Record no. 200186)

MARC details
000 -LEADER
fixed length control field 00695nam a2200157Ia 4500
008 - FIXED-LENGTH DATA ELEMENTS--GENERAL INFORMATION
fixed length control field 090124s9999 xx 000 0 und d
082 ## - DEWEY DECIMAL CLASSIFICATION NUMBER
Item number 34402
245 ## - TITLE STATEMENT
Title शहीद भगतसिंह समग्र वाङमय लेख व दस्तऐवज
250 ## - EDITION STATEMENT
Edition statement 1
260 ## - PUBLICATION, DISTRIBUTION, ETC. (IMPRINT)
Name of publisher, distributor, etc चमनलाल / देसाई दत्ता
Date of publication, distribution, etc 2007
300 ## - PHYSICAL DESCRIPTION
Extent 479
630 ## - SUBJECT ADDED ENTRY--UNIFORM TITLE
Uniform title शहीद भगतसिंह समग्र वाङमय लेख व दस्तऐवज
700 ## - ADDED ENTRY--PERSONAL NAME
Personal name चमनलाल / देसाई दत्ता
730 ## - ADDED ENTRY--UNIFORM TITLE
Uniform title शहीद भगतसिंह समग्र वाङमय लेख व दस्तऐवज
942 ## - ADDED ENTRY ELEMENTS (KOHA)
Koha item type Book
Holdings
Withdrawn status Lost status Damaged status Not for loan Home library Current library Date acquired Cost, normal purchase price Total Checkouts Full call number Barcode Date last seen Cost, replacement price Price effective from Koha item type
        Marathi Granth Sangrahalaya,Thane Marathi Granth Sangrahalaya,Thane   350.00   34402 THNMGS-34402 01/24/2009 350.00 01/24/2009 Book